00384nam a2200157Ia 4500008004100000020001800041050001400059100001700073245004000090245001700130260001300147260001800160260000900178300001400187300002500201180207s9999 xx 000 0 und d a9780099991700 bG647 1992 aGoode, Diane aWhere's our mama? = Ou est Maman? / cDiane Goode. aLondon : bRed Fox Book, c1992 aunpaged : bcolor illustration ;